000 00788nam a2200253 i 4500
001 72743
003 ES-MaACL
005 20230906171536.0
007 t|
008 040902s1967 sp ||||1| spa d
080 _a632.95:543
100 1 _aGoded Mur, Antonino.
_957512
245 1 0 _aTécnicas modernas aplicadas al análisis de pesticidas /
_cAntonino Goded Mur ; prólogo Ángel Vian Ortuño.
250 _a1ª ed.
260 _aMadrid :
_bDossat,
_c1967.
300 _a462 p. :
_bil. ;
_c24 cm.
490 1 _aTécnicas modernas aplicadas ;
_v4
650 4 _aPesticidas.
_9143524
700 1 _aVian Ortuño, Ángel.
_9114278
830 1 _aTécnicas modernas aplicadas ;
_v4
_9231124
852 4 _aES-MaACL
_jC-32355
852 4 _aES-MaACL
_jA-5970
999 _c72743
_d72743